书目信息 |
| 题名: |
每个人都应该了解期货
|
|
| 作者: | 沈良 主编 | |
| 分册: | ||
| 出版信息: | 北京 中国经济出版社 2009.02 |
|
| 页数: | 259页 | |
| 开本: | 24cm | |
| 丛书名: | ||
| 单 册: | ||
| 中图分类: | F832.5 | |
| 科图分类: | ||
| 主题词: | 期货市场--qi huo shi chang--研究--中国 | |
| 电子资源: | ||
| ISBN: | 978-7-5017-8999-3 | |
| 000 | 01134nam0 2200253 450 | |
| 001 | 012009587280 | |
| 005 | 20090918192059.29 | |
| 010 | @a978-7-5017-8999-3@dCNY32.00 | |
| 100 | @a20090918d2009 em y0chiy0120 ea | |
| 101 | 0 | @achi |
| 102 | @aCN@b110000 | |
| 105 | @aac z 000yy | |
| 106 | @ar | |
| 200 | 1 | @a每个人都应该了解期货@Amei ge ren dou ying gai liao jie qi huo@e中国期货领军人物访谈@d= You can understand futures@einterview of futures leaders in China@f沈良主编@Fshen liang zhu bian@zeng |
| 210 | @a北京@c中国经济出版社@d2009.02 | |
| 215 | @a259页@c图, 肖像@d24cm | |
| 330 | @a本书内容为期货中国网采访的21位期货行业领军人物的访谈实录。本书整合了21位中国期货行业领军人物的独到见解、精彩观点、经营理念和人生哲学,它是对中国期货行业的深刻思变、是对广大投资者的慧语良言。 | |
| 510 | 1 | @aYou can understand futures@einterview of futures leaders in China@zeng |
| 517 | 1 | @a中国期货领军人物访谈@Azhong guo qi huo ling jun ren wu fang tan |
| 606 | 0 | @a期货市场@Aqi huo shi chang@x研究@y中国 |
| 690 | @aF832.5@v4 | |
| 701 | 0 | @a沈良@Ashen liang@4主编 |
| 801 | 0 | @aCN@bQSSK@c20090918 |
| 905 | @b756287-89@dF832.5@eS402@f3 | |
| 每个人都应该了解期货:中国期货领军人物访谈= You can understand futures:interview of futures leaders in China/沈良主编.-北京:中国经济出版社,2009.02 |
| 259页:图, 肖像;24cm |
| ISBN 978-7-5017-8999-3:CNY32.00 |
| 本书内容为期货中国网采访的21位期货行业领军人物的访谈实录。本书整合了21位中国期货行业领军人物的独到见解、精彩观点、经营理念和人生哲学,它是对中国期货行业的深刻思变、是对广大投资者的慧语良言。 |
| ● |
| 相关链接 |
|
|
|
正题名:每个人都应该了解期货
索取号:F832.5/S402
 
预约/预借
| 序号 | 登录号 | 条形码 | 馆藏地/架位号 | 状态 | 备注 |
| 1 | 756287 | 207562877 | 社科二线422/422社科库 9排1列1层/ [索取号:F832.5/S402] | 在馆 | |
| 2 | 756288 | 207562886 | 管理学院资料室/ [索取号:F832.5/S402] | 在馆 | |
| 3 | 756289 | 207562895 | 社科库409/409社科库 54排3列5层/ [索取号:F832.5/S402] | 在馆 |